000 01666nam0a2200373 4500
001 RU\NLR\BIBL_A\022396714
005 20250114105408.0
010 _a978-5-04-192900-8
_92000
021 _aRU
_bКН-П-24-065071
_9КН-П-24-6490
035 _a(NLR Aleph) 022396714
090 _a13333221
_c13333221
100 _a20241129d2024 u y0rusy50 ca
101 0 _arus
_cfre
102 _aRU
105 _aa z 001yy
181 0 _ai
_baxxe
182 0 _an
200 1 _aВенская выпечка
_eбольшой учебник
_eготовьте, как профессиональный пекарь
_fРодольф Ландемен
_gперевод с французского М. Пшеничниковой
203 _aТекст
_bвизуальный
_cнепосредственный
210 _aМосква
_cЭксмо, Хлеб*Соль
_d2024
215 _a141, [1] с.
_cцв. ил.
_d29
225 1 _aКулинарный мастер-класс
_eрецепты и навыки для гурманов и любителей
320 _aУказ. рецептов в конце кн.
320 _aУказ. ингредиентов в конце кн.
333 _a16+
606 1 _aВенская кухня
_92175899
_3RU\NLR\AUTH\661308677
606 1 _aКондитерские изделия мучнистые
_xРецептура
_92082882
_3RU\NLR\AUTH\661258922
686 1 _aЛ997(3)Венская
686 1 _aЛ869
700 1 _7ca
_8rus
_aЛандемен
_bР.
_gРодольф
_92647771
_3RU\NLR\AUTH\770275804
942 _cBOOK
980 _aNB